| 000 | 00838na a2200229 4500 | ||
|---|---|---|---|
| 001 | 18529 | ||
| 003 | MIRAKIL | ||
| 005 | 20181213155038.0 | ||
| 008 | 161121b tu 000 0 | ||
| 040 |
_aMilas _btur _cTR-AnCHP |
||
| 041 | _atur | ||
| 082 |
_a327.561043 _bT25t 1994 |
||
| 090 | _a327.561043 T25t 1994 | ||
| 111 |
_aTam Üyelik Başvurusunun 7. Yılında Türkiye-Avrupa İlişkileri _cAnkara _d1994 |
||
| 245 |
_aTam üyelik başvurusunun 7. yılında Türkiye-Avrupa ilişkileri _cTürkiye-Avrupa Topluluğu Derneği |
||
| 260 |
_aAnkara _bTürkiye-Avrupa Topluluğu Derneği _c1994 |
||
| 300 |
_a28 s. _c20 sm. |
||
| 650 |
_aAvrupa Birliği _xTam üyelik _yToplantılar _zTürkiye |
||
| 651 |
_aTürkiye _xUluslararası ilişkiler _yToplantılar _zAvrupa |
||
| 710 | _aTürkiye-Avrupa Topluluğu Derneği | ||
| 942 |
_2ddc _cBKS |
||
| 999 |
_c5502 _d5502 |
||